| 000 | 00712nam a22002057a 4500 | ||
|---|---|---|---|
| 999 |
_c17887 _d17887 |
||
| 003 | AR-CdUCM | ||
| 008 | 190321b ||||| |||| 00| 0 spa d | ||
| 040 |
_aMUNICIPALIDAD PROVINCIAL DEL CUSCO _cBIBLIOTECA MUNICIPAL DEL CUSCO |
||
| 082 |
_a150 / _bA83 |
||
| 100 |
_a Aster, Von E. _938102 |
||
| 245 | _aIntroducción a la Psicología / | ||
| 300 |
_a208 páginas ; _c20 cm. |
||
| 505 | _aContenido : Cuestiones generales acerca de la naturaleza de lo psíquico -- Sensacion y percepcion -- La vida representativa -- Sentimiento y voluntad. | ||
| 650 |
_aPsicología _91538 |
||
| 650 |
_aMétodos _920153 |
||
| 650 |
_aHumana _919436 |
||
| 700 |
_aLanda, Ruben _96486 |
||
| 942 |
_2ddc _cLIBROS |
||
| 945 | _arcc | ||